000 00522nam a2200169 i 4500
001 90141
003 ES-MaACL
005 20230906180348.0
007 t|
008 050118s1963 sp ||||1| spa d
100 1 _aLe Fort, Gertrud von.
_970875
245 1 3 _aLa corona de los ángeles /
_cGertrud von Le Fort ; traducción del alemán por María Rosa Font Playa.
260 _aBarcelona :
_bDestino,
_c1963.
300 _a255 p. ;
_c19 cm.
700 1 _aFont Playa, Rosa.
_951565
852 _aES-MaACL
_jC-23416
_bR.51947
999 _c90141
_d90141